| 000 | 01275nam1a2200277 i 4500 | ||
|---|---|---|---|
| 001 | RU\NLR\bibl\956599 | ||
| 005 | 20240919194012.0 | ||
| 035 | _a(NLR Aleph) 000944658 | ||
| 090 |
_a241709 _c241709 |
||
| 100 | _a20060605g20059999u y0rusy50 ca | ||
| 101 | 0 | _arus | |
| 102 | _aRU | ||
| 105 | _a||||z ||||| | ||
| 200 | 1 |
_aФормирование культуры взаимоотношений природы и человечества _e[учебное пособие] _fВ.А. Исаев _gМ-во образования и науки РФ, Федер. агентство по образованию, Иванов. гос. ун-т |
|
| 210 |
_aИваново _cИвановский государственный университет _d2005 |
||
| 215 | _d20 | ||
| 313 | _aВоспитание любви к природе у школьников | ||
| 463 | 0 | _1001938473 | |
| 606 | 1 |
_aШкольники _jУчебные издания _xВоспитание любви к природе _91980609 _3RU\NLR\auth\661194635 |
|
| 686 | _aЧ421.352.27я7-1 | ||
| 700 | 1 |
_aИсаев _bВ. А. _gВладимир Анатольевич _4070 |
|
| 801 | 0 |
_aRU _bNLR _c20060605 _grcr |
|
| 801 | 1 |
_aRU _bNLR _c20060605 |
|
| 852 |
_aNLR _j2006-4/14561 |
||
| 942 | _cBOOK | ||